000 00245nam a2200109Ia 4500
999 _c7856
_d7856
020 _a978-0133970777
100 _aElmasri, Navathe
245 0 _aFundamentals Of Database Systems
260 _aUSA
_bMcGraw-Hill
_c2000
300 _a955
942 _cBK